01004cam a2200265 i 450000100060000000300080000600500170001400800410003102000320007203500190010404000370012304100080016008200370016811000440020524500920024926000230034130000330036449000260039750000320042365000490045583000340050494200130053899900170055195201700056852226BD-RjUL20211209075754.0160907m2011 bg a s f000 0 eng  a9845089607c: Complimentary a(BD-RjUL)52346 aDLCbengcDLCdDLCdBD-RjULerda aeng 223a630.95492021 bMEH 2011 (ZS) aBangladesh Bureau Of Statistics917926610aCensus of agriculture, 2008 :bZila series, Meherpur /cBangladesh Bureau Of Statistics aDhaka:bBBS,c2011 axvi, 212 p. :bIll. ;c28 cm aZila series, Meherpur aChiefly statistical tables. 0aAgriculturezBangladeshvStatistics.9156232 aZila series, Meherpur9179300 2ddccRAR c52226d52226 00102ddc40718RAREaRUCLbRUCLcRared2012-03-19eRajshhi, Anchalik Statisrics Officel0oRA 630.95492021 MEH 2011(ZS)r2016-09-07 00:00:00tC-1w2016-09-07yRAR